Brawl Stars : Les brawlers super rares ( mort subite ) - Statistiques

Statistiques générales
  • Ce quiz a été pris 130 fois
  • Le résultat moyen est 8 sur 10
Answers on the Grid
Answers color-coded by a green-red scale on the quiz's grid according to % correct below.
A.R.K.A.D.
Ash
Bartaba
Belle
Berry
Billie
Bo
Bull
Buzz l'élair
Carl
Colt
Darryl
Dynamike
El Costo
Eliz@
Gael
Grom
Gus
Hank
Jacky
Jessie
Larry & Lawrie
Nani
Pam
Pearl
Penny
Poco
Ricochet
Shelly
Stu
Tick
Trunk
 
Statistiques - réponses
Réponse % Correct
A.R.K.A.D.
94%
Carl
77%
Darryl
77%
Penny
77%
Ricochet
77%
Tick
77%
Dynamike
76%
Gus
76%
Jessie
76%
Jacky
74%
Aucun quiz correspondant
Distribution des résultats
% des personnes avec chaque résultat
Percentile par nombre de réponses
Votre historique - résultats
Vous n’avez pas pris ce quiz